Central Library OPAC University of Rajshahi

মধ্য রাতের পদ্য/ (Record no. 10)

MARC details
000 -LEADER
fixed length control field 00619nam a2200205 4500
001 - CONTROL NUMBER
control field 10
003 - CONTROL NUMBER IDENTIFIER
rucl marc code BD-RjUL
005 - DATE AND TIME OF LATEST TRANSACTION
control field 20211208233106.0
008 - FIXED-LENGTH DATA ELEMENTS--GENERAL INFORMATION
fixed length control field 131116s1972 nyua b 001 0 eng
020 ## - INTERNATIONAL STANDARD BOOK NUMBER
International Standard Book Number 984701180063
035 ## - SYSTEM CONTROL NUMBER
System control number (BD-RjUL)12
040 ## - CATALOGING SOURCE
Original cataloging agency DLC
Transcribing agency DLC
Modifying agency BD-RjUL
Language of cataloging eng
041 ## - LANGUAGE CODE
Language code of text/sound track or separate title ben
082 00 - DEWEY DECIMAL CLASSIFICATION NUMBER
Classification number 891.443
Edition number 23
Author mark and year ALM 2010
100 1# - MAIN ENTRY--PERSONAL NAME
Personal name আলী, মো. নোসাদ.
9 (RLIN) 30
245 10 - TITLE STATEMENT
Title মধ্য রাতের পদ্য/
Statement of responsibility, etc. মো. নোসাদ আলী,
260 ## - PUBLICATION, DISTRIBUTION, ETC. (IMPRINT)
Place of publication, distribution, etc. ঢাকা
Name of publisher, distributor, etc. জাবেদ ইমন
Date of publication, distribution, etc. ২০১০
300 ## - PHYSICAL DESCRIPTION
Pagination ৬৩ পৃ. :
Size ২৪ সেমি.
942 ## - ADDED ENTRY ELEMENTS (KOHA)
Source of classification or shelving scheme Dewey Decimal Classification
Koha item type Books
Holdings
Lost status Source of classification or shelving scheme Damaged status Not for loan Collection code Permanent Location Current Location Shelving location Date acquired Total Checkouts Full call number Date last seen Copy number Koha item type
  Dewey Decimal Classification   Not For Loan Fiction Central Library, University of Rajshahi Central Library, University of Rajshahi Reading Room 19/12/1973   B 891.443 ALM 06/11/2013 C-1 Books